• 首页
  • 本馆介绍
  • 公告通知
  • 最新文献
  • 馆藏检索
  • 电子资源
  • 读者导购
  • 参考咨询
  • 我的图书馆
  • 登录
  • 详细信息显示
  • 放入我的书架
  • 预约/预借图书
  • 作者相关作品
  • 分类相关作品
  • 丛书相关作品
  • 出版社相关作品

书目信息

  • 表格格式
  • 工作单格式
  • 卡片格式
题名:
学好数学并不难
    
 
作者: 孙亮朝 著
分册:   代数
出版信息: 杭州   浙江人民出版社  2021.3
页数: 232页
开本: 24cm
丛书名:
单 册:
中图分类: G634.603 , G634.623
科图分类:
主题词: 中学数学课--初中--教学参考资料 , 代数课--初中--教学参考资料
电子资源:
ISBN: 978-7-213-09432-3
000 00842nam0 2200253 45
001 012001002727
005 20141008111014.0
010    @a978-7-213-09432-3@dCNY48.00
100    @a20200612d2020 demy0chiy50 ea
101 0  @achi
102    @aCN@b330000
105    @ay z 000yy
106    @ar
200 1  @a学好数学并不难@Axue hao shu xue bing bu nan@i代数@b专著@f孙亮朝著
210    @a杭州@c浙江人民出版社@d2021.3
215    @a232页@d24cm
330    @a本书通过一系列的故事和案例讲解了初中代数知识。全书内容涉及初中数学学什么、数系的扩充、代数架构和代数思维、用数学语言描述世界等。
606 0  @a中学数学课@x初中@j教学参考资料
606 0  @a代数课@x初中@j教学参考资料
690    @aG634.603@v5
690    @aG634.623@v5
701  0 @a孙亮朝@Asun liang chao@4著
801  2 @aCN@bBJSDL@c20211018
905    @b1350261-5@dG634.603@e2507@f5
    
    学好数学并不难.代数/孙亮朝著.-杭州:浙江人民出版社,2021.3
    232页;24cm
    
    
    ISBN 978-7-213-09432-3:CNY48.00
    本书通过一系列的故事和案例讲解了初中代数知识。全书内容涉及初中数学学什么、数系的扩充、代数架构和代数思维、用数学语言描述世界等。
●
相关链接 在E读中查询图书 在五车中查询图书 在当当中查询图书 在豆瓣中查询图书


正题名:学好数学并不难     索取号:G634.603/2507         预约/预借

序号 登录号 条形码 馆藏地/架位号 状态 备注
1 1350261   213502618   第一样本阅览室/ [索取号:G634.603/2507] 在馆    
2 1350262   213502627   第四借阅区/ [索取号:G634.603/2507] 在馆    
3 1350263   213502636   第四借阅区/ [索取号:G634.603/2507] 在馆    
4 1350264   213502645   第四借阅区/ [索取号:G634.603/2507] 在馆    
5 1350265   213502654   第四借阅区/ [索取号:G634.603/2507] 在馆    
唐山师范学院图书馆 欢迎您!
大连网信软件有限公司© 版权所有